000 01102cad a22002655a 4500
001 L154926
008 120202e20120127xxkd f s 000 0 eng d
035 _a(Sirsi) u154926
041 0 _aeng
110 2 _aRoyal Institution of Chartered Surveyors
_bEconomics
_95033
245 0 0 _aRICS global real estate weekly
_b27 January 2012
_h[electronic resource]
260 _aLondon
_bRICS
_c2012
490 0 _aRICS Global Real Estate Weekly
_v27 January 2012
520 _aECB bank lending survey to highlight increasing squeeze on finance. US construction market trending upwards. Downside risks to the Australian housing market prevail. UK construction sector to remain under pressure.
590 _aKA
650 2 4 _aRICS GLOBAL REAL ESTATE WEEKLY
651 4 _aAustralia
651 4 _aUnited States
_y1959-
651 4 _aEurope
651 4 _aUnited Kingdom
_y
690 _aCommercial property
_96227
690 _aResidential property
_96266
856 4 0 _uhttps://www.rics.org/site/download_feed.aspx?fileID=11180&fileExtension=PDF
_zView the report free of charge at www.rics.org
942 _n0
999 _c113240
_d113240